00632nam a2200193Ii 450000100060000000300090000600800410001502000150005604000330007104100080010408200180011211000500013024500790018026400860025930000120034533600260035733700280038333800270041111921CO-ViMGA241108s9999||||xx |||||||||||||| ||und|| a9589616658 aCO-ViMGAbspaerdacCO-ViMGA0 aunk04a372.62304-U581 aUniversidad Nacional de Colombia programa Red10aAprender y Enseñar a escribir:bUna propuesta de formación del docente 1a[Lugar de publicación no identificado] : Universidad Nacional de Colombia, 1998 avolumen atextbtxt2rdacontent aunmediatedbn2rdamedia avolumebnc2rdacarrier